00831nam a2200289 u 450000100070000000500170000700800410002403500110006504000130007604100080008908000060009710000420010324500380014526000210018330000160020465000180022065000180023865000330025665000200028965000300030965000190033965000370035865000570039577300630045294200090051599900170052415993420240201125808.0971217s1938 ||||||m| spa  a159934 ccomduadb aspa aT10aJimenez Gomez, Abel4auteaut948982710aCistoscopia y cateterismo uretral aBogotá,c1938. a155h. : il. aVejiga949308 aUretra918392 aAnestesia - Métodos923983 aCistitis937219 aTuberculosis renal919358 aTumores915035 aPróstata - Enfermedades949760 aHistoria de la medicina - Colombia - Siglo XX9507290 tCritica del tratamiento Ascolig155h. : il.w159912079980 cBOOK c73994d73994